Methodological issues and learning disabilities diagnosis in clinical populations (Record no. 72714)

MARC details
000 -CABECERA
campo de control de longitud fija 00720nam a2200241 a 4500
005 - FECHA Y HORA DE LA ÚLTIMA TRANSACCIÓN
campo de control 20210219153254.0
008 - ELEMENTOS DE LONGITUD FIJA--INFORMACIÓN GENERAL
campo de control de longitud fija 991125n 000 0 eng u
035 ## - NÚMERO DE CONTROL DEL SISTEMA
Número de control de sistema UPN01000087791
100 ## - ASIENTO PRINCIPAL--NOMBRE PERSONAL
Nombre de persona Kamphaus, Randy W.
222 ## - TÍTULO CLAVE
Título clave JOURNAL OF LEARNING DISABILITIES
245 ## - MENCIÓN DE TÍTULO
Título Methodological issues and learning disabilities diagnosis in clinical populations
300 ## - DESCRIPCIÓN FÍSICA
Extensión 613-618
362 ## - FECHAS DE PUBLICACIÓN Y/O DESIGNACIÓN SECUENCIAL
Fecha de publicación y/o designación secuencial 1991 24, no. 10
653 0# - TERMINO DE INDIZACION - NO CONTROLADO
Término no controlado DIAGNOSTICO EDUCATIVO
653 0# - TERMINO DE INDIZACION - NO CONTROLADO
Término no controlado INDICADORES EDUCATIVOS
653 0# - TERMINO DE INDIZACION - NO CONTROLADO
Término no controlado PROBLEMAS DE APRENDIZAJE
653 0# - TERMINO DE INDIZACION - NO CONTROLADO
Término no controlado PROBLEMAS DE CONDUCTA
653 0# - TERMINO DE INDIZACION - NO CONTROLADO
Término no controlado REGRESSION (STATISTICS)
700 ## - ASIENTO SECUNDARIO--NOMBRE DE PERSONAL
Nombre de persona Frick, Paul J.
700 ## - ASIENTO SECUNDARIO--NOMBRE DE PERSONAL
Nombre de persona Lahey, Benjamin B.
904 ## - ELEMENTOS DE DATOS D LOCAL, LDD (RLIN)
a AC
b 025602
905 ## - TIPO DE MATERIAL
Tipo de material Articulo

No items available.